Champion de France de Tennis de Table - Statistiques

Statistiques générales
  • Ce quiz a été pris 265 fois
  • Le résultat moyen est 32 sur 95
Statistiques - réponses
Année Champion % Correct
2025 Felix Lebrun
100%
2024 Alexis Lebrun
99%
2023 Alexis Lebrun
99%
2022 Alexis Lebrun
99%
2021 Simon Gauzy
87%
2020 Simon Gauzy
87%
2013 Simon Gauzy
87%
2002 Jean-Philippe Gatien
65%
2001 Jean-Philippe Gatien
65%
2000 Jean-Philippe Gatien
65%
1999 Jean-Philippe Gatien
65%
1997 Jean-Philippe Gatien
65%
1996 Jean-Philippe Gatien
65%
1995 Jean-Philippe Gatien
65%
1994 Jean-Philippe Gatien
65%
1993 Jean-Philippe Gatien
65%
1992 Jean-Philippe Gatien
65%
1991 Jean-Philippe Gatien
65%
1989 Jean-Philippe Gatien
65%
1988 Jean-Philippe Gatien
65%
2017 Emmanuel Lebesson
57%
2009 Emmanuel Lebesson
57%
1986 Jacques Secrétin
53%
1982 Jacques Secrétin
53%
1981 Jacques Secrétin
53%
1980 Jacques Secrétin
53%
1979 Jacques Secrétin
53%
1978 Jacques Secrétin
53%
1977 Jacques Secrétin
53%
1975 Jacques Secrétin
53%
1974 Jacques Secrétin
53%
1973 Jacques Secrétin
53%
1972 Jacques Secrétin
53%
1971 Jacques Secrétin
53%
1970 Jacques Secrétin
53%
1969 Jacques Secrétin
53%
1968 Jacques Secrétin
53%
1967 Jacques Secrétin
53%
1966 Jacques Secrétin
53%
2016 Stéphane Ouaiche
44%
2014 Stéphane Ouaiche
44%
2011 Christophe Legoût
40%
2010 Christophe Legoût
40%
2005 Christophe Legoût
40%
2018 Alexandre Robinot
35%
2008 Patrick Chila
35%
2007 Patrick Chila
35%
2003 Patrick Chila
35%
1998 Patrick Chila
35%
2019 Can Akkuzu
34%
2015 Adrien Mattenet
33%
2004 Damien Éloi
25%
2012 Tristan Flore
22%
1987 Patrick Renversé
10%
1985 Patrick Renversé
10%
1984 Patrick Renversé
10%
1983 Patrick Renversé
10%
1976 Patrick Birocheau
8%
2006 Sébastien Jover
8%
1965 Vincent Purkart
8%
1964 Vincent Purkart
8%
1990 Didier Mommessin
5%
1959 Guy Amouretti
5%
1957 Guy Amouretti
5%
1955 Guy Amouretti
5%
1954 Guy Amouretti
5%
1953 Guy Amouretti
5%
1948 Guy Amouretti
5%
1944 Guy Amouretti
5%
1950 Michel Haguenauer
4%
1949 Michel Haguenauer
4%
1938 Michel Haguenauer
4%
1937 Michel Haguenauer
4%
1936 Michel Haguenauer
4%
1935 Michel Haguenauer
4%
1934 Michel Haguenauer
4%
1933 Michel Haguenauer
4%
1932 Raymond Verger
4%
1930 Raymond Verger
4%
1929 Raymond Verger
4%
1928 Raymond Verger
4%
1945 Alexandre Agopoff
3%
1947 Charles Dubouillé
3%
1943 Charles Dubouillé
3%
1962 Marcel Barouh
3%
1961 Marcel Barouh
3%
1960 Marcel Barouh
3%
1958 Marcel Barouh
3%
1946 Maurice Bordrez
3%
1939 Maurice Bordrez
3%
1956 René Roothooft
3%
1952 René Roothooft
3%
1951 René Roothooft
3%
1963 Gérard Chergui
2%
1931 Michel Glikman
0%
Aucun quiz correspondant
Distribution des résultats
% des personnes avec chaque résultat
Percentile par nombre de réponses
Votre historique - résultats
Vous n’avez pas pris ce quiz